Halal market in Italy.
| Corporate Author: | |
|---|---|
| Format: | Book |
| Published: |
Milan:
MATRADE Milan,
2009.
|
| Series: | Product market study : 2009
|
| Subjects: |
| LEADER | 00529cam a2200169 7i4500 | ||
|---|---|---|---|
| 001 | 0000024372 | ||
| 005 | 20100401090000.0 | ||
| 090 | 0 | 0 | |a P 641.3 |b MAL |
| 110 | 2 | 0 | |a Malaysia External Trade Development Corporation (MATRADE) |
| 245 | 2 | 0 | |a Halal market in Italy. |
| 260 | 0 | 0 | |a Milan: |b MATRADE Milan, |c 2009. |
| 300 | # | # | |a 15 p. |
| 440 | 0 | 0 | |a Product market study : 2009 |
| 650 | 0 | 0 | |a Halal food -- |x Markets -- |z Italy |
| 650 | 0 | 0 | |a Halal -- |x Markets -- |z Italy |
| 651 | 0 | 0 | |a Italy |
| 999 | |a 0000025357 |b Book |c Products |e Business Information Centre | ||